Six Flags Over Texas - Sudden Death - Statistics

General Stats
  • This quiz has been taken 127 times
  • The average score is 5 of 6
Answers on the Grid
Answers color-coded by a green-red scale on the quiz's grid according to % correct below.
United States
Republic of Texas
France
Mexico
Spain
Confederate States
United Kingdom
Netherlands
Portugal
Germany
California-Texas
Louisiana
 
Answer Stats
Answer % Correct
United States
93%
Mexico
85%
Spain
81%
Republic of Texas
75%
Confederate States
72%
France
57%
No matching quizzes found
Score Distribution
Percent of People with Each Score
Percentile by Number Answered
Your Score History
You have not taken this quiz